00572nam a2200205 a 4500001001300000003000900013005001700022008004100039020000900080082001700089100001700106245007800123260004200201300000900243500003500252505001700287650001700304650002800321700001700349nice12345678IN_TiNIC20260116012448.0050524s1982 dela grp 000 0 eng  ac6000a954.025bAHM aAhmed, Tariq aReligio-Political Ferment in the North West Frontier During Mughal Period aDelhibIdara-I-Adabiyat-I-Dillic1982 a129p aincludes index and biblioraphy2 aBibliography aMughal India aNorth-West India-Mughal1 aAhmed, Tariq